| 000 | 01226nam a2200277Ia 4500 | ||
|---|---|---|---|
| 008 | 130821s2012 ck ao gr spa | ||
| 020 | _a9789587250930 | ||
| 040 |
_aCo-BoUCM _bspa |
||
| 041 | 0 | 0 | _aspa |
| 245 | 0 | 0 |
_aVíctimas miradas para la construcción de paz _cUniversidad De Bogotá Jorge Tadeo Lozano ; director editorial Jaime Melo Castiblanco, coordinador editorial Henry Colmenares Melgarejo. |
| 260 |
_aBogotá (Colombia) _bUniversidad de Bogotá Jorge Tadeo Lozano _c2012 |
||
| 300 |
_a312 páginas _bilustraciones, gráficas, fotografías |
||
| 490 | 0 |
_aSerie documentos para la paz _v2 |
|
| 504 | _aIncluye referencias bibliográficas. | ||
| 650 | 0 | 4 |
_aDerechos civiles _zColombia _937464 |
| 650 | 0 | 4 |
_aDerechos humanos _97499 |
| 650 | 0 | 4 |
_aDerechos humanos _zColombia _930252 |
| 650 | 0 | 4 |
_aProceso de paz _zColombia _922380 |
| 650 | 0 | 4 |
_aVíctimas de guerra _zColombia _990660 |
| 650 | 0 | 4 |
_aViolencia política _zColombia _927838 |
| 700 | 1 |
_aColmenares Melgarejo, Henry _ecoordinador. _9159706 |
|
| 700 | 1 |
_aMelo Castiblanco, Jaime _edirector. _9159707 |
|
| 710 | 2 |
_aUniversidad De Bogotá Jorge Tadeo Lozano _958609 |
|
| 942 |
_cLIBRO _a5 _e1 _mV393vi _2DEWEY _h303.66 |
||
| 999 |
_c38415 _d38415 |
||